Maiores Cidades da Índia - Statistics

Estatísticas Gerais
  • Esse quiz foi jogado 47 vezes
  • A pontuação média é 7 de 20
Estatísticas das Respostas
População Cidade % Correto
25.6 m Bombaim
98%
31.3 m Déli
79%
17.0 m Calcutá
76%
11.6 m Chenai
52%
4.05 m Jaipur
50%
12.7 m Bangalor
48%
10.4 m Haiderabade
45%
8.75 m Amedabad
31%
7.10 m Pune
29%
2.35 m Agra
26%
3.33 m Nagpur
26%
3.80 m Lucknow
24%
3.28 m Indore
19%
6.90 m Surrate
19%
3.50 m Kanpur
17%
2.48 m Bopal
14%
2.73 m Patná
14%
2.43 m Chandigar
10%
2.78 m Coimbatore
7%
2.98 m Bhilai / Raipur
2%
Nenhum quiz correspondente encontrado
Distribuição das Pontuações
Porcentagem de Pessoas com Cada Pontuação
Percentil de Números Respondidos
Sua Pontuação Histórica
Você não jogou esse quiz